Estado de los derechos de la niñez y la adolescencia en el Cantón Central de San José

Furkejuvvon:
Bibliográfalaš dieđut
Materiálatiipa: Dovdameahttun
Giella:Spanish
Almmustuhtton: Costa Rica : UNICEF,
Fáttát:
Fáddágilkorat: Lasit fáddágilkoriid
Eai fáddágilkorat, Lasit vuosttaš fáddágilkora!

MARC

LEADER 00000 a2200000 04500
001 41756
003
008 050622s2000 cr spa d
040
020 |a [sin ISBN]  
090 |a 1002 E79es  
245 |a Estado de los derechos de la niñez y la adolescencia en el Cantón Central de San José  
260 |a Costa Rica :   |b UNICEF,  
300 |a 84 páginas  
650 |a INFANCIA/  
650 |a DERECHOS HUMANOS 
650 |a DERECHOS DEL NIÑO  
650 |a MARCO INSTITUCIONAL  
650 |a ORGANIZACIONES NO GUBERNAMENTALES  
650 |a INSTITUCIONES GUBERNAMENTALES  
650 |a CALIDAD DE LA VIDA 
650 |2 Macrothesaurus de la OCDE/  
650 |a FAMILIA  
650 |a EDUCACION 
650 |a AGRESION 
650 |a TRABAJO DE MENORES  
999 |c 16154  |d 16154